| 000 | 00608nas a2200229 i 4500 | ||
|---|---|---|---|
| 001 | 2515 | ||
| 003 | ES-MaACL | ||
| 005 | 20250724062605.0 | ||
| 007 | t| | ||
| 008 | 950801d1942 sp | | 1 ||pa d | ||
| 022 | _a2481-9328 | ||
| 245 | 0 | 0 |
_aAnuario cultural italo-español / _cAsociación Cardenal Albornoz. |
| 260 |
_aValladolid : _bSantaren, _c1942- |
||
| 300 |
_a1 v. ; _c22 cm. |
||
| 310 | _aAnual | ||
| 362 | 0 | _aV. I (1941)- | |
| 650 | 7 |
_aCultura _2embne _9170963 |
|
| 710 | 0 |
_aAsociación Cardenal Albornoz. _91515 |
|
| 852 |
_aES-MaACL _jC-9099 |
||
| 866 | 0 | _o1941. | |
| 999 |
_c2515 _d2515 |
||